000
00309nam a2200133 a 4500
001
5144
003
CDMR
005
20130116135305.0
008
130130s1966||||||||||||||||||||||||||||d
040
_a
CDMR
_b
cat
_c
CPC GIRONA
245
0
_a
Libertad de prensa e imprenta
_c
Varis
260
_c
1966
_b
S.I.E.
942
_c
MON
999
_c
5144
_d
5144